| 000 | 01582nam0a2200373 4500 | ||
|---|---|---|---|
| 001 | RU\NLR\bibl\1016224 | ||
| 005 | 20250614233031.0 | ||
| 010 |
_a5-9669-0218-6 _9200 |
||
| 021 |
_aRU _b2006-65858 _93301 |
||
| 035 | _a(nilc)RSL-KNO-002961289 | ||
| 035 | _a(NLR Aleph) 001003795 | ||
| 090 |
_a595284 _c595284 |
||
| 100 | _a20061020d2006 |||y0rusy50 ca | ||
| 101 | 0 | _arus | |
| 102 | _aRU | ||
| 105 | _ay ||||||||| | ||
| 106 | _ar | ||
| 200 | 1 |
_aЗаконность и правовой порядок _fН.Н. Вопленко _gМ-во образования и науки Рос. Федерации, Волгогр. гос. ун-т |
|
| 210 |
_aВолгоград _cИзд-во Волгоградского государственного университета _d2006 |
||
| 215 |
_a133,[2] с. _cил. _d21 |
||
| 320 | _aБиблиогр. в прим. в конце гл. | ||
| 606 | 1 |
_aЗаконность _91362865 _3RU\NLR\auth\66255992 |
|
| 606 | 1 |
_aПравоотношения _9901747 _3RU\NLR\auth\667889 |
|
| 610 | 0 | _aГосударство и право. Юридические науки -- Общая теория государства и права -- Общая теория права -- Законность и правопорядок | |
| 686 | _aХ062.04 | ||
| 700 | 1 |
_aВопленко _bН. Н. _gНиколай Николаевич _4070 |
|
| 801 | 0 |
_aRU _bРКП _c20061020 _grcr |
|
| 801 | 1 |
_aRU _bРГБ _c20061020 |
|
| 801 | 2 |
_aRU _bNLR _c20061204 _grcr |
|
| 942 | _cBOOK | ||
| 980 | _aNB | ||
| 980 | _aNBR | ||